| 000 | 00784cam a2200265 4500 | ||
|---|---|---|---|
| 001 | 4558632 | ||
| 003 | BD-DhUL | ||
| 005 | 20160512145722.0 | ||
| 008 | 721122s1970 ii b 001 0 eng | ||
| 010 | _a 72903432 | ||
| 040 |
_cBD-DhUL _dBD-DhUL |
||
| 043 | _aa-ii--- | ||
| 050 | 0 | 0 |
_aDS451 _b.M793 |
| 082 |
_a330.954 _bMUE |
||
| 100 | 1 |
_aMukherjee, B. N. _q(Bratindra Nath), _d1932-2013, _eauthor. |
|
| 245 | 1 | 4 |
_aThe economic factors in Kushāṇa history / _c[by] B. N. Mukherjee. |
| 260 |
_aCalcutta : _bPilgrim Publishers, _c1970. |
||
| 300 |
_a114 p. _c25 cm. |
||
| 350 | _aRs10.00 | ||
| 504 | _aBibliography: p. [81]-96. | ||
| 650 | 0 | _aKushans. | |
| 651 | 0 |
_aIndia _xHistory _y324 B.C.-1000 A.D. |
|
| 651 | 0 |
_aIndia _xEconomic conditions _yTo 1000. |
|
| 942 |
_2ddc _cBK |
||
| 999 |
_c64062 _d64062 |
||